000 00489nam a22001937a 4500
003 CEME
005 20210628201846.0
008 210208b xxu||||| |||| 00| 0 eng d
020 _a81-203-2358-0
040 _c.
082 _a621.3815 BEL
100 _aBell, David. A
_957133
245 _aElectronic devices and circuits
250 _a4TH
260 _aNEW DELHI
_bPRENTICE HALL
_c2003
300 _aXI,796P
650 _aELECTRONIC DEVICES AND CIRCUITS
_956104
942 _cBK
_2ddc
999 _c567429
_d567429